[Event "Olympiad Women-31"]
[Site "Moscow"]
[Date "1994.12.13"]
[Round "12"]
[White "Amura, Claudia Noemi"]
[Black "Botan, Madalina S"]
[Result "1-0"]
[WhiteElo "2325"]
[BlackElo "2225"]
[PlyCount "101"]
[EventDate "1994.12.01"]
[EventType "team-swiss"]
[EventRounds "14"]
[EventCountry "RUS"]
[SourceTitle "EXT 2019"]
[Source "ChessBase"]
[SourceDate "2018.10.10"]
[SourceVersion "1"]
[SourceVersionDate "2018.10.10"]
[SourceQuality "1"]
[WhiteTeam "Argentina (W)"]
[BlackTeam "France (W)"]
[WhiteTeamCountry "ARG"]
[BlackTeamCountry "FRA"]

1. d4 e6 2. c4 b6 3. Nf3 Bb7 4. g3 f5 5. Bg2 Nf6 6. 0-0 g6 7. Nc3 Bg7 8. d5 0-0 9. Bf4 Qc8 10. Qd2 Re8 11. e4 Nxe4 12. Nxe4 fxe4 13. Ng5 b5 14. dxe6 bxc4 15. exd7 Qxd7 16. Qb4 Bd5 17. Rad1 c6 18. Nxe4 a5 19. Qb6 Qa7 20. Qxa7 Rxa7 21. Nd6 Rf8 22. Bxd5+ cxd5 23. Rxd5 Rd7 24. Rfd1 c3 25. bxc3 Bxc3 26. Ne4 Rxd5 27. Rxd5 Bb4 28. Bd6 Rc8 29. Bxb4 axb4 30. Rb5 Rc1+ 31. Kg2 Nc6 32. Rb7 h5 33. Rc7 Rc2 34. Nf6+ Kf8 35. Nd7+ Ke8 36. Ne5 Nd4 37. Rxc2 Nxc2 38. Kf3 Ke7 39. Nxg6+ Kd6 40. Ke4 Kc5 41. f4 Nd4 42. f5 Nb5 43. f6 Nc3+ 44. Ke5 Nxa2 45. f7 b3 46. f8Q+ Kc4 47. Qa3 Nb4 48. Nf4 Nc2 49. Qb2 Nb4 50. Ke4 Nc2 51. Nd5 1-0

[Event "Olympiad Women-31"]
[Site "Moscow"]
[Date "1994.12.04"]
[Round "4"]
[White "Chaves, Jussara"]
[Black "Botan, Madalina S"]
[Result "1/2-1/2"]
[WhiteElo "2135"]
[BlackElo "2225"]
[PlyCount "130"]
[EventDate "1994.12.01"]
[EventType "team-swiss"]
[EventRounds "14"]
[EventCountry "RUS"]
[SourceTitle "EXT 2019"]
[Source "ChessBase"]
[SourceDate "2018.10.10"]
[SourceVersion "1"]
[SourceVersionDate "2018.10.10"]
[SourceQuality "1"]
[WhiteTeam "Brazil (W)"]
[BlackTeam "France (W)"]
[WhiteTeamCountry "BRA"]
[BlackTeamCountry "FRA"]

1. b3 Nf6 2. Bb2 g6 3. e4 d6 4. g3 Bg7 5. Bg2 0-0 6. Ne2 e5 7. 0-0 Nc6 8. c4 Re8 9. Nbc3 Nd4 10. d3 c5 11. f4 Bg4 12. h3 Bd7 13. Nxd4 cxd4 14. Ne2 h5 15. Qd2 a5 16. Ba3 Bc6 17. Rf2 b5 18. Raf1 b4 19. Bc1 Rf8 20. Bf3 Qc8 21. Kh2 Bd7 22. f5 gxf5 23. exf5 Bc6 24. Qg5 Bxf3 25. Rxf3 d5 26. g4 e4 27. gxh5 exf3 28. h6 Nh5 29. hxg7 Re8 30. Qxh5 Rxe2+ 31. Kh1 f6 32. Rg1 Rg2 33. Rxg2 fxg2+ 34. Kxg2 Qe8 35. Qh8+ Kf7 36. Qh5+ Ke7 37. Qe2+ Kd7 38. Qg4 dxc4 39. Qxd4+ Kc7 40. Qxc4+ Qc6+ 41. Qxc6+ Kxc6 42. h4 Rg8 43. Bh6 Kd7 44. Kf3 Ke7 45. Ke4 Kf7 46. d4 Re8+ 47. Kd3 Kg8 48. d5 Kh7 49. Bf4 Rc8 50. Kd4 Kxg7 51. d6 Kf7 52. Kd5 Rc2 53. d7 Ke7 54. d8Q+ Kxd8 55. Ke6 Rxa2 56. h5 Rf2 57. Bd6 Rf3 58. Kxf6 Kd7 59. Bc5 Rxb3 60. h6 a4 61. h7 Rh3 62. Kg7 Rg3+ 63. Kf7 Rh3 64. Kg7 Rg3+ 65. Kf7 Rh3 1/2-1/2

[Event "Olympiad Women-31"]
[Site "Moscow"]
[Date "1994.12.01"]
[Round "1"]
[White "Polgar, Zsuzsa"]
[Black "Botan, Madalina S"]
[Result "1-0"]
[WhiteElo "2550"]
[BlackElo "2225"]
[PlyCount "105"]
[EventDate "1994.12.01"]
[EventType "team-swiss"]
[EventRounds "14"]
[EventCountry "RUS"]
[SourceTitle "EXT 2019"]
[Source "ChessBase"]
[SourceDate "2018.10.10"]
[SourceVersion "1"]
[SourceVersionDate "2018.10.10"]
[SourceQuality "1"]
[WhiteTeam "Hungary (W)"]
[BlackTeam "France (W)"]
[WhiteTeamCountry "HUN"]
[BlackTeamCountry "FRA"]

1. d4 d6 2. Nf3 g6 3. c4 Bg7 4. Nc3 Nd7 5. g3 e5 6. Bg2 Nh6 7. 0-0 0-0 8. e4 c6 9. h3 Qe7 10. Re1 Kh8 11. Be3 f6 12. Qd2 Nf7 13. Qc2 Re8 14. Rad1 Nf8 15. Nh4 Bh6 16. f4 exf4 17. gxf4 f5 18. Bf2 fxe4 19. Rxe4 Qd8 20. Rxe8 Qxe8 21. Be1 Qd8 22. f5 gxf5 23. Nxf5 Bg5 24. d5 c5 25. Bg3 a6 26. Qf2 Bxf5 27. Qxf5 Qf6 28. Qxf6+ Bxf6 29. Ne4 Bd4+ 30. Kh1 Rd8 31. Rf1 Kg7 32. Bh4 Rd7 33. Nf6 Bxf6 34. Bxf6+ Kh6 35. a4 Ng6 36. h4 Nfe5 37. Bh3 Rf7 38. Be6 Rf8 39. b3 Kh5 40. Rf5+ Kh6 41. h5 Ng4 42. Bg5+ Kxh5 43. Bd8+ Rxf5 44. Bxf5 N6e5 45. Bc8 Nf2+ 46. Kg2 Nfd3 47. Bxb7 Nb4 48. Bc7 Kg6 49. Bxd6 Ned3 50. Bg3 Kf7 51. Bc8 Ke8 52. d6 Kd8 53. Bf5 1-0

[Event "Biel op (Women)"]
[Site "Biel"]
[Date "1991.??.??"]
[Round "8"]
[White "Berend, Elvira S"]
[Black "Botan, Madalina S"]
[Result "0-1"]
[WhiteElo "2235"]
[BlackElo "2175"]
[PlyCount "124"]
[EventDate "1991.07.??"]
[EventType "swiss"]
[EventRounds "9"]
[EventCountry "SUI"]
[SourceTitle "TD"]
[Source "ChessBase"]
[SourceDate "1994.03.01"]
[SourceVersion "1"]
[SourceVersionDate "1994.03.01"]
[SourceQuality "1"]

1. d4 d6 2. Nf3 Bg4 3. g3 Bxf3 4. exf3 g6 5. Bg2 Bg7 6. 0-0 Nf6 7. d5 0-0 8. c4 e5 9. dxe6 fxe6 10. Nc3 Nc6 11. f4 Nd7 12. Be3 Kh8 13. Rc1 Rb8 14. b3 a6 15. Re1 Qc8 16. Ne4 e5 17. Ng5 exf4 18. Bxf4 Nc5 19. Qd5 Qf5 20. Qxf5 Rxf5 21. Bxc6 bxc6 22. Rcd1 Rbf8 23. Be3 h6 24. Bxc5 Rxg5 25. Bd4 Rgf5 26. Bxg7+ Kxg7 27. Rd2 g5 28. Re4 R8f7 29. h4 Rf3 30. hxg5 hxg5 31. c5 Rc3 32. cxd6 cxd6 33. Ra4 d5 34. Rxa6 Rd7 35. b4 d4 36. Ra5 Kf6 37. Kg2 Rd6 38. g4 d3 39. Rf5+ Kg6 40. Rc5 Ra3 41. f3 Re6 42. Kf2 Kf6 43. Rc4 Ra4 44. Rc3 Rxb4 45. Rcxd3 Rc4 46. Rd8 Rc1 47. Rf8+ Kg7 48. Rf5 Kh6 49. a4 c5 50. Rdd5 c4 51. Rxg5 c3 52. Rh5+ Kg6 53. Rc5 c2 54. Rh2 Rd6 55. Kg3 Rg1+ 56. Kh3 c1Q 57. Rxc1 Rxc1 58. Rb2 Ra1 59. Rb4 Ra6 60. f4 R1xa4 61. Rb7 Ra1 62. f5+ Kf6 0-1

[Event "Biel op (Women)"]
[Site "Biel"]
[Date "1991.??.??"]
[Round "9"]
[White "Botan, Madalina S"]
[Black "Madl, Ildiko"]
[Result "0-1"]
[WhiteElo "2175"]
[BlackElo "2370"]
[PlyCount "73"]
[EventDate "1991.07.??"]
[EventType "swiss"]
[EventRounds "9"]
[EventCountry "SUI"]
[SourceTitle "TD"]
[Source "ChessBase"]
[SourceDate "1994.03.01"]
[SourceVersion "1"]
[SourceVersionDate "1994.03.01"]
[SourceQuality "1"]

1. e4 c5 2. Nf3 d6 3. d4 cxd4 4. Nxd4 Nf6 5. Nc3 Nc6 6. Bg5 e6 7. Qd2 Be7 8. f3 0-0 9. 0-0-0 Nxd4 10. Qxd4 Qa5 11. h4 Rd8 12. Kb1 Bd7 13. g4 Bc6 14. Bd2 Qc5 15. Qd3 d5 16. Be3 Qa5 17. e5 d4 18. Bxd4 Nxg4 19. fxg4 Bxh1 20. Qe3 Rxd4 21. Qxd4 Rd8 22. Qe3 Rxd1+ 23. Nxd1 Bxh4 24. Nc3 Bc6 25. Bd3 h6 26. a3 Qb6 27. Qf4 Bg5 28. Qc4 Qg1+ 29. Ka2 Qe3 30. b4 Qxe5 31. b5 Bd7 32. Ne4 Be7 33. a4 b6 34. c3 g6 35. Kb3 Kg7 36. Nd2 Qd5 37. Qxd5 0-1

[Event "Biel op (Women)"]
[Site "Biel"]
[Date "1990.??.??"]
[Round "8"]
[White "Botan, Madalina S"]
[Black "Csom, Etelka"]
[Result "1/2-1/2"]
[WhiteElo "2195"]
[BlackElo "2090"]
[PlyCount "81"]
[EventDate "1990.07.??"]
[EventType "swiss"]
[EventRounds "9"]
[EventCountry "SUI"]
[SourceTitle "TD"]
[Source "ChessBase"]
[SourceDate "1994.03.01"]
[SourceVersion "1"]
[SourceVersionDate "1994.03.01"]
[SourceQuality "1"]

1. e4 c5 2. Nf3 Nc6 3. d4 cxd4 4. Nxd4 Nf6 5. Nc3 e5 6. Ndb5 d6 7. Bg5 a6 8. Na3 b5 9. Bxf6 gxf6 10. Nd5 f5 11. Bd3 Be6 12. Qh5 Bg7 13. 0-0 f4 14. c4 bxc4 15. Bxc4 0-0 16. Rac1 Kh8 17. Nxf4 Bxc4 18. Rxc4 Na5 19. Nd5 Nxc4 20. Nxc4 Rc8 21. b3 Rc5 22. Rd1 Bf6 23. Rd3 Bg5 24. Rh3 h6 25. Rg3 Kh7 26. h4 Bxh4 27. Rh3 Bg5 28. Nce3 Rg8 29. Qxf7+ Rg7 30. Qf5+ Rg6 31. Ng4 Kg7 32. Rf3 Rc1+ 33. Kh2 Bf4+ 34. Nxf4 exf4 35. g3 Qg5 36. Rxf4 Qxf5 37. exf5 Rg5 38. f6+ Kf8 39. Kg2 h5 40. Ne3 Kf7 41. Rd4 1/2-1/2